| 000 | 00506nam a2200169Ia 4500 | ||
|---|---|---|---|
| 999 |
_c23348 _d23348 |
||
| 003 | OSt | ||
| 005 | 20200319094254.0 | ||
| 008 | 190216s9999||||xx |||||||||||||| ||und|| | ||
| 020 | _a9788192686141 | ||
| 040 | _coclc | ||
| 082 |
_a320.95483 _bVAD/M |
||
| 100 |
_aVatakara, M C _92060 |
||
| 245 | 0 |
_aMuslim League Nilapadukalude Neethisasthram / _cM C Vatakara |
|
| 260 |
_bVachanam Books, _c2014. _aCalicut: |
||
| 300 | _a191p | ||
| 942 |
_cBK _2ddc _h320.95483 _iVAD/M _k320.95483 _mVAD/M |
||